Wastewater use in irrigated agriculture: confronting the livelihood and environmental realities (Record no. 61450)

MARC details
000 -LEADER
fixed length control field 00766nam a2200193 a 4500
008 - FIXED-LENGTH DATA ELEMENTS--GENERAL INFORMATION
fixed length control field 120416s2005 ||||||||||||||||| || u
020 ## - INTERNATIONAL STANDARD BOOK NUMBER
International Standard Book Number 9290905506
050 ## - LIBRARY OF CONGRESS CALL NUMBER
Classification number TD 760 Was
100 ## - MAIN ENTRY--PERSONAL NAME
Personal name Scott, C. A
245 10 - TITLE STATEMENT
Title Wastewater use in irrigated agriculture: confronting the livelihood and environmental realities
Statement of responsibility, etc. edited by C. A. Scott, N. I. Faruqui and L. Raschid-Sally
260 ## - PUBLICATION, DISTRIBUTION, ETC.
Place of publication, distribution, etc. Oxfordshire:
Name of publisher, distributor, etc. Cab International
Date of publication, distribution, etc. 2005
300 ## - PHYSICAL DESCRIPTION
Extent 193p. : ill.
350 ## - PRICE (NR) (BK AM CF MU VM SE) [OBSOLETE]
Price 0.00
650 ## - SUBJECT ADDED ENTRY--TOPICAL TERM
Topical term or geographic name entry element SEWAGE IRRIGATION--DEVELOPING COUNTRIES
650 ## - SUBJECT ADDED ENTRY--TOPICAL TERM
Topical term or geographic name entry element WATER
700 ## - ADDED ENTRY--PERSONAL NAME
Personal name Raschid-Sally, L
700 ## - ADDED ENTRY--PERSONAL NAME
Personal name Faruqui, N. I
995 ## - RECOMMENDATION 995 [LOCAL, UNIMARC FRANCE]
-- 0.00
-- CBU-MAIN LIBRARY (Kitwe)
-- 1
-- 0.00
-- 1
-- AVAILABLE
-- Main Library Open Access Collection
Holdings
Withdrawn status Lost status Source of classification or shelving scheme Damaged status Not for loan Home library Current library Shelving location Date acquired Total Checkouts Full call number Barcode Date last seen Price effective from Koha item type
          CBU-MAIN LIBRARY, KITWE. CBU-MAIN LIBRARY, KITWE.   11/30/2022   TD 760 Was 42005 11/30/2022 11/30/2022 MONOGRAPH